[Event "Faaker See op 27th"]
[Site "Latschach (13.8.-20.8)"]
[Date "2011.08.14"]
[Round "2.9"]
[White "Schnider, Gert"]
[Black "Schreiber, Ewald"]
[Result "1-0"]
[WhiteElo "2375"]
[BlackElo "2051"]
[PlyCount "49"]
[EventDate "2011.08.13"]
[EventType "swiss"]
[EventRounds "9"]
[EventCountry "AUT"]
[WhiteTeam "AUT (Österreich)"]
[BlackTeam "AUT (Österreich)"]
[WhiteTeamCountry "AUT"]
[BlackTeamCountry "AUT"]

1. e4 c6 2. c4 d5 3. cxd5 cxd5 4. exd5 Nf6 5. Nc3 g6 6. Qb3 Bg7 7. g3 O-O 8.
Bg2 Nbd7 9. d4 Nb6 10. Nge2 Bf5 11. O-O Bd3 12. d6 exd6 13. Bxb7 Rb8 14. Bg2
Nbd5 15. Qd1 Nb4 16. a3 Nc2 17. Ra2 Bc4 18. Qxc2 Bxa2 19. Nxa2 Qb6 20. Nac3
Rfc8 21. Qd3 a5 22. Rd1 h5 23. Nf4 Re8 24. Ncd5 Qd8 25. b4 1-0

[Event "Faaker See op 27th"]
[Site "Latschach (13.8.-20.8)"]
[Date "2011.08.14"]
[Round "2.10"]
[White "Kwossek, Georg"]
[Black "Kern, Guido"]
[Result "0-1"]
[WhiteElo "1937"]
[BlackElo "2299"]
[PlyCount "58"]
[EventDate "2011.08.13"]
[EventType "swiss"]
[EventRounds "9"]
[EventCountry "AUT"]
[WhiteTeam "Kitzingen SC"]
[BlackTeam "Dinslaken SV"]
[WhiteTeamCountry "GER"]
[BlackTeamCountry "GER"]

1. d4 e6 2. Nf3 f5 3. g3 Nf6 4. Bg2 d5 5. O-O Bd6 6. c4 c6 7. b3 Qe7 8. Bb2 O-O
9. Qc1 b5 10. Nbd2 a5 11. a3 Bb7 12. Ne5 Nbd7 13. Ndf3 Ne4 14. Nd3 bxc4 15.
bxc4 Ba6 16. c5 Bc7 17. Nd2 Rab8 18. f3 Nxd2 19. Qxd2 Bxd3 20. exd3 f4 21. Rae1
fxg3 22. Bh3 gxh2+ 23. Kh1 Rf6 24. Bc3 a4 25. f4 Qf7 26. Qe3 Nf8 27. f5 exf5
28. Qe7 g6 29. Bd2 Re6 0-1

[Event "Faaker See op 27th"]
[Site "Latschach (13.8.-20.8)"]
[Date "2011.08.14"]
[Round "2.11"]
[White "Riemelmoser, Franz Dr"]
[Black "Logar, Metod"]
[Result "1-0"]
[WhiteElo "2308"]
[BlackElo "2044"]
[PlyCount "69"]
[EventDate "2011.08.13"]
[EventType "swiss"]
[EventRounds "9"]
[EventCountry "AUT"]
[WhiteTeam "Simbach SC"]
[BlackTeam "SLO (Slowenien)"]
[WhiteTeamCountry "GER"]
[BlackTeamCountry "SLO"]

1. c4 c5 2. Nc3 Nc6 3. Nf3 g6 4. e3 Nf6 5. d4 cxd4 6. exd4 Bg7 7. d5 Nb8 8. d6
O-O 9. Be2 Nc6 10. O-O b6 11. Bg5 h6 12. Bh4 e6 13. Ne1 g5 14. Bg3 Nh7 15. f4
f5 16. Nf3 Bb7 17. Qd2 Qf6 18. Rac1 Rac8 19. b3 Kh8 20. Kh1 Rce8 21. Nb5 gxf4
22. Qxf4 e5 23. Qh4 Re6 24. Qxf6 Bxf6 25. c5 e4 26. Nh4 Bg5 27. Nc7 Ref6 28.
Nd5 Bxc1 29. Nxf6 Rxf6 30. Rxc1 bxc5 31. Rxc5 f4 32. Be1 Rxd6 33. Bc3+ Kg8 34.
Rf5 f3 35. Bc4+ 1-0

[Event "Faaker See op 27th"]
[Site "Latschach (13.8.-20.8)"]
[Date "2011.08.14"]
[Round "2.12"]
[White "Diehl, Achim"]
[Black "Kaid, Almar Dr"]
[Result "0-1"]
[WhiteElo "1959"]
[BlackElo "2262"]
[PlyCount "72"]
[EventDate "2011.08.13"]
[EventType "swiss"]
[EventRounds "9"]
[EventCountry "AUT"]
[WhiteTeam "Nürnberg-Süd SW"]
[BlackTeam "Hamburg-Diogenes SC"]
[WhiteTeamCountry "GER"]
[BlackTeamCountry "GER"]

1. e4 e6 2. d4 d5 3. e5 c5 4. c3 Nc6 5. a3 Nge7 6. b3 Qb6 7. Nf3 cxd4 8. cxd4
Nf5 9. Bb2 Bd7 10. b4 Be7 11. h4 O-O 12. g4 Nh6 13. Rg1 Rac8 14. Bd3 Na5 15.
Bc1 Rxc1 16. Qxc1 Nb3 17. Qd1 Nxa1 18. Nc3 a5 19. g5 Nf5 20. Bxf5 exf5 21. Nxd5
Qe6 22. Nxe7+ Qxe7 23. Qxa1 axb4 24. axb4 Qxb4+ 25. Kf1 Bc6 26. Qd1 Ra8 27. Rg3
f4 28. Rh3 Qc4+ 29. Kg1 Qe6 30. Kh2 Ra2 31. Qd3 Rxf2+ 32. Kg1 Qxh3 33. Kxf2
Qg3+ 34. Ke2 Qg2+ 35. Ke1 Qxf3 36. Qf5 Qe4+ 0-1

[Event "Faaker See op 27th"]
[Site "Latschach (13.8.-20.8)"]
[Date "2011.08.14"]
[Round "2.13"]
[White "Van Ginkel, Pieter"]
[Black "Suster, Otto"]
[Result "1-0"]
[WhiteElo "2244"]
[BlackElo "2031"]
[PlyCount "58"]
[EventDate "2011.08.13"]
[EventType "swiss"]
[EventRounds "9"]
[EventCountry "AUT"]
[WhiteTeam "Nürnberg-Süd SW"]
[BlackTeam "AUT (Österreich)"]
[WhiteTeamCountry "GER"]
[BlackTeamCountry "AUT"]

1. d4 f5 2. Nf3 Nf6 3. g3 e6 4. Bg2 d5 5. O-O c6 6. b3 Nbd7 7. c4 Bd6 8. Ba3
Qe7 9. Bxd6 Qxd6 10. Qd3 Ne4 11. Nbd2 O-O 12. a3 Ndf6 13. b4 Bd7 14. Ne5 Be8
15. Nb3 Nd7 16. Nxd7 Qxd7 17. Rac1 Nd6 18. Nd2 Bg6 19. Qc3 Rad8 20. b5 Rc8 21.
bxc6 Rxc6 22. c5 Rfc8 23. Qb2 Nf7 24. e3 b6 25. Nb3 bxc5 26. dxc5 Qc7 27. Nd4
Ra6 28. Qb5 Ra5 29. Qb4 Nd8 1-0

[Event "Faaker See op 27th"]
[Site "Latschach (13.8.-20.8)"]
[Date "2011.08.14"]
[Round "2.14"]
[White "Tarmann, Johannes"]
[Black "Wertjanz, David"]
[Result "1/2-1/2"]
[WhiteElo "2019"]
[BlackElo "2234"]
[PlyCount "86"]
[EventDate "2011.08.13"]
[EventType "swiss"]
[EventRounds "9"]
[EventCountry "AUT"]
[WhiteTeam "AUT (Österreich)"]
[BlackTeam "AUT (Österreich)"]
[WhiteTeamCountry "AUT"]
[BlackTeamCountry "AUT"]

1. d4 Nf6 2. Nf3 e6 3. e3 b6 4. Be2 Bb7 5. O-O Be7 6. Nbd2 c5 7. b3 O-O 8. Bb2
Nc6 9. c4 d5 10. Rc1 cxd4 11. Nxd4 Rc8 12. Nxc6 Bxc6 13. Nf3 Bb7 14. cxd5 Bxd5
15. Qd4 Qd7 16. Ba6 Rxc1 17. Rxc1 Bc5 18. Qc3 Bxf3 19. gxf3 Qd5 20. Be2 Bd6 21.
f4 Be7 22. Rd1 Qf5 23. Bf3 h6 24. Kh1 Qh3 25. Bg2 Qh4 26. Kg1 Qg4 27. Qc2 Qh5
28. Bxf6 Bxf6 29. Rd7 Qa5 30. Rd1 b5 31. Be4 b4 32. Bd3 Qb6 33. Bc4 Bc3 34. Rd7
Qa5 35. Qe2 Qc5 36. Qd3 Qh5 37. Qd1 Qg6+ 38. Kh1 e5 39. fxe5 Qe4+ 40. Kg1 Qg6+
41. Kh1 Qe4+ 42. Kg1 Qg6+ 43. Kh1 Qe4+ 1/2-1/2

[Event "Faaker See op 27th"]
[Site "Latschach (13.8.-20.8)"]
[Date "2011.08.14"]
[Round "2.15"]
[White "Barthel, Ansgar"]
[Black "Skok, Joze"]
[Result "1-0"]
[WhiteElo "2199"]
[BlackElo "2004"]
[PlyCount "89"]
[EventDate "2011.08.13"]
[EventType "swiss"]
[EventRounds "9"]
[EventCountry "AUT"]
[WhiteTeam "Pirmasens SC"]
[BlackTeam "SLO (Slowenien)"]
[WhiteTeamCountry "GER"]
[BlackTeamCountry "SLO"]

1. e4 c6 2. d4 d5 3. Nc3 dxe4 4. Nxe4 Nd7 5. Bc4 Ngf6 6. Ng5 e6 7. Qe2 Nb6 8.
Bd3 c5 9. dxc5 Bxc5 10. N1f3 O-O 11. Bd2 Nbd5 12. O-O-O Qb6 13. Ne5 Bxf2 14.
Nc4 Qc5 15. Rhf1 b5 16. Qxf2 Qxf2 17. Rxf2 bxc4 18. Bxc4 h6 19. Nf3 Bb7 20. Bd3
a5 21. Ne5 Ba6 22. Rf3 Bxd3 23. Rxd3 Ne4 24. Rd4 Nxd2 25. R1xd2 Rfc8 26. Kb1
Rab8 27. c4 Nf6 28. b3 a4 29. Kb2 Kf8 30. Kc3 axb3 31. axb3 Ke7 32. Nd7 Nd5+
33. Rxd5 exd5 34. Nxb8 Rxb8 35. Rxd5 Ra8 36. Rd2 f5 37. c5 f4 38. Kc4 g5 39. b4
g4 40. b5 f3 41. gxf3 gxf3 42. b6 Rf8 43. b7 Rf4+ 44. Kc3 Rf8 45. c6 1-0

[Event "Faaker See op 27th"]
[Site "Latschach (13.8.-20.8)"]
[Date "2011.08.14"]
[Round "2.17"]
[White "Meertens, Martin"]
[Black "Tozaki, Halil"]
[Result "1-0"]
[WhiteElo "2122"]
[BlackElo "1993"]
[PlyCount "105"]
[EventDate "2011.08.13"]
[EventType "swiss"]
[EventRounds "9"]
[EventCountry "AUT"]
[WhiteTeam "Köln-Klub Sfr."]
[BlackTeam "TUR (Türkei)"]
[WhiteTeamCountry "GER"]
[BlackTeamCountry "TUR"]

1. e4 c5 2. Nf3 e6 3. d4 cxd4 4. Nxd4 a6 5. Bd3 Nf6 6. O-O Qc7 7. Nc3 b5 8. Qe2
Bb7 9. Bg5 b4 10. Nb1 Nc6 11. Nxc6 Qxc6 12. Nd2 Be7 13. Rac1 h6 14. Be3 d5 15.
f3 O-O 16. c3 bxc3 17. Rxc3 Qd7 18. Rfc1 Rfc8 19. e5 Rxc3 20. bxc3 Nh7 21. Nb3
Qc7 22. f4 a5 23. Qg4 Ba6 24. Bb1 Ba3 25. Rd1 a4 26. Nd4 Qxc3 27. Bf2 Bc5 28.
f5 exf5 29. Nxf5 Bxf2+ 30. Kxf2 Qc5+ 31. Kg3 Qc3+ 32. Kf2 Qc5+ 33. Rd4 Ng5 34.
h4 Rb8 35. hxg5 Rxb1 36. gxh6 Rf1+ 37. Kg3 Qc3+ 38. Kh2 g6 39. h7+ Kh8 40. Ng3
Qc1 41. Nxf1 Qxf1 42. Rxd5 Be2 43. Qh4 Bh5 44. Qf6+ Qxf6 45. exf6 Kxh7 46. Rd4
g5 47. Rxa4 Be2 48. Rb4 Kg6 49. Rb6 Bc4 50. a4 Be6 51. a5 Kxf6 52. a6 Kg7 53.
Rxe6 1-0

[Event "Faaker See op 27th"]
[Site "Latschach (13.8.-20.8)"]
[Date "2011.08.14"]
[Round "2.19"]
[White "Raygrotzki, Norbert(62)"]
[Black "Pakosta, Miroslav"]
[Result "0-1"]
[WhiteElo "1844"]
[BlackElo "2167"]
[PlyCount "72"]
[EventDate "2011.08.13"]
[EventType "swiss"]
[EventRounds "9"]
[EventCountry "AUT"]
[WhiteTeam "Oberhausener SV"]
[BlackTeam "CZE (Tschechien)"]
[WhiteTeamCountry "GER"]
[BlackTeamCountry "CZE"]

1. Nf3 d5 2. d4 Nf6 3. g3 g6 4. c4 Bg7 5. Bg2 dxc4 6. Qa4+ Nfd7 7. Qxc4 Nc6 8.
Qb3 Nb6 9. e3 Be6 10. Qd1 Bc4 11. b3 Ba6 12. Bb2 O-O 13. Na3 Qd5 14. Bf1 Bxf1
15. Rxf1 Rfd8 16. Nc2 a5 17. Nd2 a4 18. f4 Na5 19. e4 Qd7 20. e5 Nd5 21. b4 a3
22. Bxa3 Nc6 23. Rf3 Ra4 24. Bb2 Ncxb4 25. Nxb4 Rxb4 26. Nb3 b6 27. Qe2 e6 28.
Kf1 Ra8 29. a3 Rba4 30. Kg2 Bf8 31. Nc1 b5 32. Rb3 b4 33. Rb1 bxa3 34. Ba1 Qc6
35. Kg1 a2 36. R1b2 Qxc1+ 0-1

[Event "Faaker See op 27th"]
[Site "Latschach (13.8.-20.8)"]
[Date "2011.08.14"]
[Round "2.20"]
[White "Roescheisen, Markus"]
[Black "Niedermeier, Thomas(90)"]
[Result "1/2-1/2"]
[WhiteElo "1977"]
[BlackElo "2165"]
[PlyCount "61"]
[EventDate "2011.08.13"]
[EventType "swiss"]
[EventRounds "9"]
[EventCountry "AUT"]
[WhiteTeam "Esslingen-RSK TSV"]
[BlackTeam "Ilmmünster SV"]
[WhiteTeamCountry "GER"]
[BlackTeamCountry "GER"]

1. e4 e6 2. e5 d6 3. exd6 cxd6 4. d4 Nf6 5. Nf3 Be7 6. Bd3 O-O 7. O-O a6 8. a4
b6 9. Be3 Bb7 10. Nbd2 Nbd7 11. Re1 Nd5 12. c3 Nxe3 13. Rxe3 Nf6 14. Ng5 h6 15.
Nge4 Nd5 16. Re1 e5 17. Ng3 Nf4 18. Be4 Bxe4 19. Ndxe4 d5 20. Nd2 Nd3 21. Re2
e4 22. Qb3 Rc8 23. f3 Nf4 24. Ree1 Nd3 25. Re2 Nf4 26. Ree1 Bg5 27. fxe4 Nd3
28. Re2 Nf4 29. Rf2 Rc6 30. Nf3 Nd3 31. Rc2 1/2-1/2

[Event "Faaker See op 27th"]
[Site "Latschach (13.8.-20.8)"]
[Date "2011.08.14"]
[Round "2.21"]
[White "Saxer, Bernhard"]
[Black "Saathoff, Richard"]
[Result "0-1"]
[WhiteElo "1956"]
[BlackElo "2111"]
[PlyCount "94"]
[EventDate "2011.08.13"]
[EventType "swiss"]
[EventRounds "9"]
[EventCountry "AUT"]
[WhiteTeam "AUT (Österreich)"]
[BlackTeam "Nürnberg-Süd SW"]
[WhiteTeamCountry "AUT"]
[BlackTeamCountry "GER"]

1. e4 e5 2. Nf3 Nc6 3. Nc3 Nf6 4. Bc4 Nxe4 5. Nxe4 d5 6. Bd3 dxe4 7. Bxe4 Bd6
8. O-O O-O 9. Re1 Qf6 10. d3 h6 11. c3 Bd7 12. Be3 Rfe8 13. Nd2 Rad8 14. Bf3
Bf8 15. Ne4 Qg6 16. Bh5 Qe6 17. Qc2 Qf5 18. Bf3 Qg6 19. Bc5 Ne7 20. Ng3 b6 21.
Bh5 Qf6 22. Be3 Nf5 23. Ne4 Qc6 24. Qe2 g6 25. Bf3 Nh4 26. d4 Nxf3+ 27. Qxf3
Bf5 28. d5 Bxe4 29. dxc6 Bxf3 30. gxf3 Re6 31. Rad1 Red6 32. Rxd6 Rxd6 33. f4
e4 34. Bd4 f5 35. f3 exf3 36. Re8 Kf7 37. Ra8 Rxc6 38. Rxa7 Bd6 39. Be3 g5 40.
fxg5 f4 41. g6+ Kxg6 42. Bd4 Kf5 43. Ra8 Be7 44. Kf2 Ke4 45. Re8 Re6 46. Kg1
Kf5 47. Bg7 f2+ 0-1

[Event "Faaker See op 27th"]
[Site "Latschach (13.8.-20.8)"]
[Date "2011.08.14"]
[Round "2.22"]
[White "Legat, Albert"]
[Black "Stock, Andreas(11.62)"]
[Result "1/2-1/2"]
[WhiteElo "1933"]
[BlackElo "2138"]
[PlyCount "54"]
[EventDate "2011.08.13"]
[EventType "swiss"]
[EventRounds "9"]
[EventCountry "AUT"]
[WhiteTeam "AUT (Österreich)"]
[BlackTeam "Pirmasens SC"]
[WhiteTeamCountry "AUT"]
[BlackTeamCountry "GER"]

1. e4 c5 2. Nf3 Nc6 3. d4 cxd4 4. Nxd4 g6 5. c3 Bg7 6. Be3 Nf6 7. Nd2 O-O 8.
Be2 d5 9. Nxc6 bxc6 10. e5 Nd7 11. f4 e6 12. O-O Qc7 13. b4 f6 14. exf6 Bxf6
15. Rc1 c5 16. Bb5 c4 17. Bxd7 Bxd7 18. Nf3 a5 19. a3 axb4 20. axb4 Bg7 21. Qd2
Ra3 22. g3 Rfa8 23. Bd4 Ra2 24. Qe3 Bxd4 25. Nxd4 Qd6 26. Rfe1 Kf7 27. Re2 Ra1
1/2-1/2

[Event "Faaker See op 27th"]
[Site "Latschach (13.8.-20.8)"]
[Date "2011.08.14"]
[Round "3.2"]
[White "Rotstein, Arkadij"]
[Black "Meertens, Martin"]
[Result "1-0"]
[WhiteElo "2479"]
[BlackElo "2122"]
[PlyCount "75"]
[EventDate "2011.08.13"]
[EventType "swiss"]
[EventRounds "9"]
[EventCountry "AUT"]
[WhiteTeam "Porz SG"]
[BlackTeam "Köln-Klub Sfr."]
[WhiteTeamCountry "GER"]
[BlackTeamCountry "GER"]

1. e4 c5 2. d3 Nc6 3. g3 g6 4. Bg2 Bg7 5. f4 e6 6. Nf3 Nge7 7. O-O O-O 8. c3 d5
9. Na3 b6 10. e5 Ba6 11. Nc2 Rc8 12. Re1 Qd7 13. d4 Rc7 14. Be3 Na5 15. Bf2
Rfc8 16. Ne3 Nc4 17. Nxc4 Bxc4 18. g4 Qb5 19. b3 Bd3 20. dxc5 bxc5 21. Re3 Be4
22. Bf1 Bxf3 23. Qxf3 c4 24. bxc4 dxc4 25. Rd1 Nd5 26. Re2 Bh6 27. f5 gxf5 28.
gxf5 Qc6 29. Bg2 Kh8 30. Re4 Rg8 31. Bg3 Rb7 32. Qh5 Bf8 33. Rh4 h6 34. f6 Rg6
35. Be4 Rb2 36. Bxg6 Rg2+ 37. Kh1 Rxg3 38. Be4 1-0

[Event "Faaker See op 27th"]
[Site "Latschach (13.8.-20.8)"]
[Date "2011.08.14"]
[Round "3.4"]
[White "Okhotnik, Vladimir"]
[Black "Pakosta, Miroslav"]
[Result "1-0"]
[WhiteElo "2455"]
[BlackElo "2167"]
[PlyCount "87"]
[EventDate "2011.08.13"]
[EventType "swiss"]
[EventRounds "9"]
[EventCountry "AUT"]
[WhiteTeam "FRA (Frankreich)"]
[BlackTeam "CZE (Tschechien)"]
[WhiteTeamCountry "FRA"]
[BlackTeamCountry "CZE"]

1. e4 d6 2. d4 f5 3. exf5 Bxf5 4. Bd3 Qd7 5. Ne2 g6 6. Ng3 Bxd3 7. Qxd3 Bh6 8.
Nc3 Nc6 9. Bxh6 Nxh6 10. O-O-O Nf5 11. d5 Ne5 12. Qe2 O-O-O 13. Nge4 e6 14. f4
exd5 15. Nf6 Qe6 16. fxe5 d4 17. Nb1 dxe5 18. Ne4 Qxa2 19. Rd3 Ne3 20. Ra3 Qd5
21. Nbd2 Kb8 22. Re1 Rhf8 23. g3 a6 24. b4 Qb5 25. Qxb5 axb5 26. Ra5 c6 27. Kb2
Nd5 28. Kb3 Nc7 29. Raa1 b6 30. Ra3 Ne6 31. Rea1 c5 32. bxc5 Nxc5+ 33. Nxc5
bxc5 34. Ra5 c4+ 35. Kb4 Kc7 36. Rxb5 Rb8 37. Nxc4 Rxb5+ 38. Kxb5 Rf2 39. Ra7+
Kb8 40. Rxh7 Rxc2 41. Nxe5 Kc8 42. Rh4 g5 43. Rxd4 Rxh2 44. Rg4 1-0

[Event "Faaker See op 27th"]
[Site "Latschach (13.8.-20.8)"]
[Date "2011.08.14"]
[Round "3.5"]
[White "Saathoff, Richard"]
[Black "Hresc, Vladimir"]
[Result "1/2-1/2"]
[WhiteElo "2111"]
[BlackElo "2408"]
[PlyCount "141"]
[EventDate "2011.08.13"]
[EventType "swiss"]
[EventRounds "9"]
[EventCountry "AUT"]
[WhiteTeam "Nürnberg-Süd SW"]
[BlackTeam "CRO (Kroatien)"]
[WhiteTeamCountry "GER"]
[BlackTeamCountry "CRO"]

1. e4 e5 2. f4 exf4 3. Nf3 g5 4. h4 g4 5. Ne5 Nf6 6. Nxg4 Nxe4 7. d3 h5 8. Qe2
hxg4 9. Nc3 d5 10. dxe4 d4 11. Nd5 c6 12. Nxf4 Rxh4 13. Rxh4 Qxh4+ 14. Qf2
Qxf2+ 15. Kxf2 Nd7 16. Nh5 Bd6 17. Be2 Ne5 18. Bf4 Be6 19. Ng7+ Kd7 20. Nxe6
Kxe6 21. Bxe5 Kxe5 22. Bxg4 Kxe4 23. Rh1 Rg8 24. Bf3+ Ke5 25. Rh5+ Ke6 26. Ke2
Be5 27. Kd3 Kd6 28. Rh7 Ke6 29. Rh5 f5 30. Rh6+ Bf6 31. Rh7 Bg7 32. Rh1 Kd6 33.
Rh5 Rf8 34. b3 Ke5 35. Rh4 Rd8 36. Rh7 Rd7 37. Rh4 Bf6 38. Rh3 Rg7 39. Rh6 Bg5
40. Rh1 Be3 41. Rh4 Bf2 42. Rh8 Re7 43. Be2 Kf4 44. Rf8 Re3+ 45. Kd2 Rg3 46.
Bf3 Rg7 47. Ke2 Bg1 48. Re8 c5 49. Kd3 b6 50. Kc4 Be3 51. Kd3 Rh7 52. Re6 Kg3
53. Rf6 f4 54. Ke2 Kh2 55. Kf1 b5 56. Rf5 c4 57. Rh5+ Rxh5 58. Bxh5 d3 59. Bg6
d2 60. Bh5 c3 61. Bf3 Kg3 62. Ke2 Bc5 63. Bc6 a6 64. a4 bxa4 65. bxa4 Bd6 66.
Bf3 Kh4 67. Bc6 Kg5 68. Kd1 Kf5 69. Bf3 Ke5 70. Bc6 Kd4 71. Be8 1/2-1/2

[Event "Faaker See op 27th"]
[Site "Latschach (13.8.-20.8)"]
[Date "2011.08.14"]
[Round "3.6"]
[White "Kukov, Velislav"]
[Black "Huber, Edwin(70)"]
[Result "1/2-1/2"]
[WhiteElo "2377"]
[BlackElo "2113"]
[PlyCount "101"]
[EventDate "2011.08.13"]
[EventType "swiss"]
[EventRounds "9"]
[EventCountry "AUT"]
[WhiteTeam "BUL (Bulgarien)"]
[BlackTeam "Ilmmünster SV"]
[WhiteTeamCountry "BUL"]
[BlackTeamCountry "GER"]

1. d4 c5 2. c3 e6 3. Nf3 Nf6 4. Bg5 d5 5. e3 Qb6 6. Qc2 Nc6 7. Nbd2 Bd7 8. Ne5
cxd4 9. Nxd7 Kxd7 10. exd4 Rc8 11. Qb3 Qxb3 12. axb3 Be7 13. b4 a6 14. b5 axb5
15. Bxb5 Ra8 16. Ke2 h6 17. Bf4 Bd6 18. Bxd6 Kxd6 19. Nf3 Nd7 20. Kd2 Rhc8 21.
h4 Nb6 22. b3 Rxa1 23. Rxa1 Ra8 24. Rxa8 Nxa8 25. c4 f6 26. c5+ Kd7 27. Kc3 Nc7
28. Ba4 Ke7 29. b4 Na7 30. Nd2 Ncb5+ 31. Kd3 e5 32. Nb3 e4+ 33. Kd2 f5 34. Na5
Nxd4 35. Nxb7 Ndb5 36. h5 d4 37. g3 Nc3 38. Bb3 Ncb5 39. Na5 Nc7 40. Nc4 Na6
41. Nd6 Kf6 42. c6 Ke5 43. Nf7+ Kf6 44. Nd6 Ke5 45. Nf7+ Kf6 46. Nd6 Ke5 47.
Nc4+ Kd5 48. Ne3+ Ke5 49. Nc4+ Kd5 50. Ne3+ Ke5 51. Nc4+ 1/2-1/2

[Event "Faaker See op 27th"]
[Site "Latschach (13.8.-20.8)"]
[Date "2011.08.14"]
[Round "3.7"]
[White "Posch, Roland"]
[Black "Schnider, Gert"]
[Result "1-0"]
[WhiteElo "2123"]
[BlackElo "2375"]
[PlyCount "151"]
[EventDate "2011.08.13"]
[EventType "swiss"]
[EventRounds "9"]
[EventCountry "AUT"]
[WhiteTeam "AUT (Österreich)"]
[BlackTeam "AUT (Österreich)"]
[WhiteTeamCountry "AUT"]
[BlackTeamCountry "AUT"]

1. e4 c5 2. Nf3 Nc6 3. c3 d5 4. exd5 Qxd5 5. d4 cxd4 6. cxd4 Bg4 7. Be2 e6 8.
Nc3 Qa5 9. O-O Nf6 10. Be3 Bd6 11. h3 Bh5 12. Nd2 Bxe2 13. Qxe2 O-O 14. Nc4 Qd8
15. Nxd6 Qxd6 16. Rad1 Nd5 17. Ne4 Qe7 18. Qh5 Rac8 19. Rfe1 Rc7 20. Nc5 b6 21.
Nd3 Ncb4 22. a3 Nxd3 23. Rxd3 Rc2 24. Re2 Rfc8 25. Rxc2 Rxc2 26. Qe5 a5 27. Rd2
Rc8 28. Re2 Qd7 29. Qe4 Qc6 30. Qd3 h6 31. Kf1 Qc7 32. g3 Qc6 33. Kg1 Qa4 34.
Kg2 Qc6 35. Kg1 Qc4 36. Qxc4 Rxc4 37. Kf1 Kf8 38. Ke1 Ke7 39. Kd2 Kd6 40. Kd3
b5 41. Rc2 Nb6 42. b3 Rxc2 43. Kxc2 Kd5 44. Bd2 a4 45. bxa4 Nxa4 46. Kb3 h5 47.
Kb4 Kc6 48. Be3 Nb2 49. Kb3 Na4 50. Kb4 Nb6 51. Kc3 f5 52. h4 Nd5+ 53. Kb3 Kb6
54. Bg5 Kc6 55. Bf4 g6 56. Be5 Kb6 57. Bg7 Ne7 58. Bf6 Nc6 59. Bg7 Kc7 60. Kc3
Kd6 61. f3 Kd5 62. Bf6 Na7 63. Kb4 Kc6 64. Be7 Kd5 65. Bc5 Nc6+ 66. Kxb5 e5 67.
dxe5 Nxe5 68. a4 Nxf3 69. a5 Ne5 70. a6 Nc6 71. a7 Nxa7+ 72. Bxa7 f4 73. gxf4
Ke4 74. Bb6 Kxf4 75. Bd8 g5 76. Bxg5+ 1-0

[Event "Faaker See op 27th"]
[Site "Latschach (13.8.-20.8)"]
[Date "2011.08.14"]
[Round "3.9"]
[White "Danner, Lambert"]
[Black "Riemelmoser, Franz Dr"]
[Result "1-0"]
[WhiteElo "2103"]
[BlackElo "2308"]
[PlyCount "213"]
[EventDate "2011.08.13"]
[EventType "swiss"]
[EventRounds "9"]
[EventCountry "AUT"]
[WhiteTeam "AUT (Österreich)"]
[BlackTeam "Simbach SC"]
[WhiteTeamCountry "AUT"]
[BlackTeamCountry "GER"]

1. g3 e6 2. Bg2 Nf6 3. c4 a6 4. Nc3 Bb4 5. Nf3 O-O 6. Qb3 Be7 7. O-O c5 8. d4
cxd4 9. Nxd4 Nc6 10. Nxc6 bxc6 11. Be3 d5 12. Rad1 Qc7 13. cxd5 cxd5 14. Bf4
Bd6 15. Bxd6 Qxd6 16. e4 Rb8 17. Qa4 Bd7 18. Qa5 Rxb2 19. exd5 exd5 20. Nxd5
Bb5 21. Nc7 Qc5 22. Nxb5 axb5 23. Rd2 Rb4 24. Qa3 Qc4 25. Rc1 Ra4 26. Rxc4 Rxa3
27. Rb4 Rc8 28. Rxb5 Rc1+ 29. Bf1 g6 30. Kg2 Ne4 31. Rdb2 Nc3 32. Rc5 Ra7 33.
Rb8+ Kg7 34. Rbc8 Rxf1 35. Kxf1 Nxa2 36. Rb8 Ra3 37. Rb7 Rc3 38. Rcc7 Rxc7 39.
Rxc7 Nb4 40. Rc5 Na6 41. Rc6 Nb4 42. Rd6 Kf8 43. Rd7 Nc6 44. Ke2 h5 45. f3 Ne7
46. Ke3 Nf5+ 47. Ke4 Kg7 48. Ra7 Kf6 49. Ra6+ Kg7 50. g4 hxg4 51. fxg4 Nh6 52.
Kf4 Ng8 53. Ke5 Nh6 54. h3 Ng8 55. Rc6 Nh6 56. Rc7 Ng8 57. g5 Kf8 58. Kd6 Kg7
59. Kd7 Kf8 60. h4 Ne7 61. Kd6 Nf5+ 62. Ke5 Ng7 63. Ra7 Nh5 64. Kd6 Ng3 65. Ra5
Nh5 66. Ra8+ Kg7 67. Ke7 Ng3 68. Ra6 Nf5+ 69. Ke8 Kg8 70. Rf6 Ng7+ 71. Kd8 Kf8
72. Ra6 Ne6+ 73. Kc8 Ke7 74. Ra7+ Ke8 75. Kb7 Nd4 76. Ra4 Nf5 77. Kc7 Ke7 78.
Re4+ Kf8 79. Rf4 Ng7 80. Kd6 Nh5 81. Rf3 Ng7 82. Rf4 Nh5 83. Rg4 Ng7 84. Ra4
Nh5 85. Ke5 Kg7 86. Ra3 Kf8 87. Ke4 Kg7 88. Kf3 Kf8 89. Kg4 Kg7 90. Kf3 Kf8 91.
Ke4 Kg7 92. Ke5 Kf8 93. Kd6 Nf4 94. Re3 Nh5 95. Kd7 Ng7 96. Rh3 Nh5 97. Rb3 Nf4
98. Rb8+ Kg7 99. Ke8 f5 100. Rb7+ Kg8 101. Ke7 Nh5 102. Ke6 Kf8 103. Rh7 Kg8
104. Rxh5 f4 105. Rh6 Kg7 106. h5 gxh5 107. Rf6 1-0

[Event "Faaker See op 27th"]
[Site "Latschach (13.8.-20.8)"]
[Date "2011.08.14"]
[Round "3.10"]
[White "Kaid, Almar Dr"]
[Black "Knoblauch, Leonhard"]
[Result "1/2-1/2"]
[WhiteElo "2262"]
[BlackElo "2065"]
[PlyCount "51"]
[EventDate "2011.08.13"]
[EventType "swiss"]
[EventRounds "9"]
[EventCountry "AUT"]
[WhiteTeam "Hamburg-Diogenes SC"]
[BlackTeam "Ilmmünster SV"]
[WhiteTeamCountry "GER"]
[BlackTeamCountry "GER"]

1. Nf3 Nf6 2. g3 e6 3. c4 d5 4. Bg2 Bd6 5. O-O O-O 6. d4 c6 7. Nfd2 Nbd7 8. Nc3
Re8 9. e4 dxe4 10. Ndxe4 Be7 11. Qc2 Nb6 12. Ne2 Nbd7 13. Rd1 Qc7 14. Bf4 e5
15. dxe5 Nxe5 16. h3 h6 17. Nd4 Nxe4 18. Qxe4 Bf6 19. Nf5 Bxf5 20. Qxf5 Qa5 21.
Qc2 Qb4 22. Rac1 Ng6 23. Bd6 c5 24. b3 Rad8 25. Be4 Qb6 26. Bxg6 1/2-1/2

[Event "Faaker See op 27th"]
[Site "Latschach (13.8.-20.8)"]
[Date "2011.08.14"]
[Round "3.11"]
[White "Pazlar, Marko"]
[Black "Van Ginkel, Pieter"]
[Result "0-1"]
[WhiteElo "2059"]
[BlackElo "2244"]
[PlyCount "76"]
[EventDate "2011.08.13"]
[EventType "swiss"]
[EventRounds "9"]
[EventCountry "AUT"]
[WhiteTeam "SLO (Slowenien)"]
[BlackTeam "Nürnberg-Süd SW"]
[WhiteTeamCountry "SLO"]
[BlackTeamCountry "GER"]

1. Nf3 d5 2. d4 Nf6 3. g3 e6 4. Bg2 Be7 5. O-O O-O 6. c4 c5 7. cxd5 exd5 8. Nc3
Nc6 9. Bg5 cxd4 10. Nxd4 h6 11. Nxc6 bxc6 12. Be3 Bg4 13. h3 Bh5 14. Rc1 Re8
15. Na4 Qd7 16. Qc2 Rac8 17. Nc5 Bxc5 18. Qxc5 Bxe2 19. Rfe1 Bb5 20. Bd4 Ne4
21. Bxe4 dxe4 22. Kh2 Rcd8 23. Be3 Qe6 24. b3 Rd5 25. Qc2 Rh5 26. h4 g5 27. Qd1
Qg6 28. Rc5 f5 29. Rxf5 Rxh4+ 30. gxh4 Qxf5 31. Rg1 c5 32. hxg5 h5 33. Qxh5
Qe5+ 34. Kh1 Re7 35. Qg6+ Rg7 36. Qf6 Rh7+ 37. Qh6 Be2 38. Kg2 Bf3+ 0-1